Music Quiz

Random Music or Clip Quiz

US One Hit Wonders (Audio Quiz) Stats

 Plays Quiz Updated Dec 18, 2016

Challenge
Share
Tweet
Score 0/50 Timer 15:00
3 Plays Today
Time Song Title % Correct
5:18-5:26Cotton Eyed Joe
74.1%
1:54-2:01Afternoon Delight
73.8%
3:58-4:0699 Luftballons
73.6%
5:27-5:35Breakfast at Tiffany's
73.4%
4:25-4:33I'm Gonna Be (500 Miles)
70.8%
0:08-0:16Wipe Out
69.1%
0:33-0:40Venus
68.2%
5:01-5:08Life Is a Highway
67.4%
7:12-7:19Rehab
66.6%
5:09-5:17What Is Love
64.1%
6:38-6:45Bad Day
62.8%
2:56-3:04Cars
59.9%
6:11-6:19Because I Got High
53.2%
4:51-5:00Nothing Compares 2 U
52.6%
0:00-0:07Hey! Baby
51.3%
6:46-6:54Chasing Cars
50.1%
3:50-3:57She Blinded Me with Science
50.1%
0:41-0:49All Right Now
46.9%
1:08-1:17Get It On
46.8%
6:29-6:37The Reason
46.1%
4:07-4:15Axel F
44.8%
2:20-2:28You Light Up My Life
41.7%
1:45-1:53Seasons in the Sun
41.4%
1:27-1:35How Long?
38.3%
3:41-3:49Pass the Dutchie
36.8%
Time Song Title % Correct
5:45-5:54The Freshmen
35.9%
2:02-2:10Disco Duck
35.1%
2:29-2:38Because the Night
34%
0:17-0:24For What It's Worth
34%
0:25-0:32Na Na Hey Hey Kiss Him Goodbye
33.6%
4:43-4:50Groove Is in the Heart
33.3%
3:14-3:22Believe It or Not
33%
6:55-7:03Here (In Your Arms)
30.7%
2:39-2:46I Love the Nightlife
29.6%
2:47-2:55Pop Muzik
29.2%
5:55-6:02You Get What You Give
26.6%
7:04-7:11Laffy Taffy
26.5%
1:36-1:44The Night Chicago Died
23.4%
4:34-4:42Iko Iko
21.7%
5:36-5:44I Love You Always Forever
21.6%
1:18-1:26My Maria
20.8%
0:58-1:07One Toke Over the Line
20.3%
0:50-0:57Ride Captain Ride
19.7%
3:31-3:40Pac-Man Fever
19.7%
6:20-6:28Crazy for This Girl
19.4%
3:23-3:30Key Largo
12.9%
6:03-6:10Out of My Head
12.6%
3:05-3:13Into the Night
12.4%
4:16-4:24Pump Up the Volume
12%
2:11-2:19Undercover Angel
9.3%

You're not logged in!

Compare scores with friends on all Sporcle quizzes.
OR
Log In

You Might Also Like...

Show Comments

Extras

Top Quizzes Today


Score Distribution

Your Account Isn't Verified!

In order to create a playlist on Sporcle, you need to verify the email address you used during registration. Go to your Sporcle Settings to finish the process.

Report this User

Report this user for behavior that violates our Community Guidelines.

Details: